| 000 | 01395nam a2200181 i 4500 | ||
|---|---|---|---|
| 001 | 170840 | ||
| 003 | ES-MaACL | ||
| 005 | 20230906214455.0 | ||
| 008 | 090408s19051906sp |||| | spa d | ||
| 080 | _a94(460) | ||
| 110 | 2 |
_aReal Academia de la Historia (España) _96309 |
|
| 245 | 1 | 0 |
_aDiscursos leídos ante la Academia de la Historia, _f1905-1906 / _cReal Academia de la Historia. |
| 260 |
_aMadrid : _b[s.n.], _c1905 ( _fImp. del Patronato de Huérfanos de Administración Militar) |
||
| 300 |
_a1 v. ; _c25 cm. |
||
| 505 | 0 | _aPedro de Alvarado, conquistador de Guatemala y de Honduras / Ángel de Altolaguirre y Duvale (122 p.). Dogmas fundamentales y permanentes de la política exterior de España, establecidos por Fernando V de Aragón al constituir la unidad de la monarquía española; Necrología de D. Manuel Danvila y Collado / Juan Pérez de Guzmán y Gallo (46 p., 1 h. de lám.). Contestación / Marqués de Laurencín (p. 47-74). D. Luis de Requesens y la política española en los Países Bajos; Notas biográficas de D. Francisco Silvela y de Le-Vielleuse / Francisco Barado y Font (127 p.). Contestación / Julián Suárez Inclán (p. 129-155). Iberia arqueológica ante-romana / José Ramón Mélida (64 p.). Contestación / Fidel Fita y Colomer (p. 65-84, XXVIII lám.) | |
| 651 | 4 |
_aEspaña- _xHistoria. _98209 |
|
| 852 |
_aES-MaACL _jK-130 _z- Enc. pasta española |
||
| 999 |
_c170840 _d170840 |
||